000 00268nam a2200109Ia 4500
008 200302s9999 xx 000 0 und d
100 _aSylvia Katz
245 _aPlastics Design and Materials
260 _bStudio Vista Book Publishing
260 _c1978
300 _a192 P.,
999 _c287
_d287